Supermanifolds, super twistor spaces, and super Yang-Mills fields /
Guardado en:
| Autor Principal: | |
|---|---|
| Otros Autores: | |
| Formato: | Libro |
| Idioma: | English |
| Publicado: |
Montréal, Québec, Canada :
Presses de l'Université de Montréal,
1989.
|
| Series: | Séminaire de mathématiques supérieures ;
106 |
| Materias: | |
| Etiquetas: |
Agregar Etiqueta
Sin Etiquetas, Sea el primero en etiquetar este registro!
|
| LEADER | 01189cam a2200277 a 4500 | ||
|---|---|---|---|
| 001 | MAT.inmabb006002 | ||
| 008 | 890825s1989####quc######b####000#0#eng## | ||
| 005 | 20130403170820.0 | ||
| 245 | 1 | 0 | |a Supermanifolds, super twistor spaces, and super Yang-Mills fields / |c S. Shnider, R.O. Wells, Jr. |
| 260 | |a Montréal, Québec, Canada : |b Presses de l'Université de Montréal, |c 1989. | ||
| 300 | |a 57 p. ; |c 28 cm. | ||
| 440 | 0 | |a Séminaire de mathématiques supérieures ; |v 106 | |
| 500 | |a Cabecera de portada: Séminaire de mathématiques supérieures, Séminaire scientifique OTAN (NATO Advanced Study Institute), Département de Mathématiques et de Statistique--Université de Montréal." | ||
| 504 | |a Incluye referencias bibliográficas (p. 55-57). | ||
| 510 | 4 | |a MR, |c 90g:58005 | |
| 020 | |a 2760602869 | ||
| 100 | 1 | |a Shnider, S., |d 1945- | |
| 700 | 1 | |a Wells, R. O. |q (Raymond O'Neil), |d 1940- | |
| 650 | 0 | |a Supermanifolds (Mathematics) | |
| 650 | 0 | |a Mathematical physics. | |
| 650 | 0 | |a Twistor theory. | |
| 650 | 0 | |a Generalized spaces. | |
| 084 | |a 58A50 (32L25 53C05 58C50 58E15) |2 msc2000 | ||
| 010 | |a 89179539 | ||
| 040 | |a DLC |c DLC |d DLC | ||
| 859 | |h 58 |i Sh558 |p A-6275 |b BIB. MATEMATICA | ||
